| 000 | 00908nam a2200241 a 4500 | ||
|---|---|---|---|
| 001 | 84025 | ||
| 003 | BD-RjUL | ||
| 005 | 20240923172659.0 | ||
| 008 | 240923s2008 bg ||||| m||| 00| 0 eng d | ||
| 035 | _a(BD-RjUL)84025 | ||
| 040 |
_aBD-RjUL _beng _cBD-RjUL _dBD-RjUL |
||
| 041 | _aeng | ||
| 082 |
_223 _a660.28304 _b2008 |
||
| 100 |
_aPk, Md. Siragul Karim _913574 |
||
| 245 | 1 | 0 |
_aInhibition of Steel Corrosion in Realistic Aqueous Environment / _cBy Md. Siragul Karim Pk ; _6Supervisor : C.M. Mustafa |
| 260 |
_aRajshahi : _bDepartment of Applied Chemistry, University of Rajshahi, _c2008 |
||
| 300 |
_a[40], vii, 208 Leaves : _bill, ; _c29 cm. |
||
| 502 | _aThesis (Ph. D.) -- Department of Applied Chemistry, University of Rajshahi, 2008 | ||
| 504 | _aReferences : Leaves [162]-173 | ||
| 650 |
_aInhibition _vControl Corrosion _913575 |
||
| 700 |
_aMustafa, C.M., Supervisor _913576 |
||
| 942 |
_2ddc _cTHE |
||
| 999 |
_c84025 _d84025 |
||